000 00375nam a2200157Ia 4500
003 GCL
008 140319s9999 xx 000 0 ara d
040 _aGCL /
_cGCL
082 0 4 _a615.15
_bا ت
245 1 0 _aتخزين الادوية وحفظها
300 _a144 ص
490 _a
650 0 4 _aالعقاقير
650 0 4 _aالادوية، حفظ
942 _2ddc
_cBK
999 _c38047
_d38047